00892nam a2200277 a 450000500170000000800410001701000140005802000260007202000230009803500130012103700150013404000180014908200140016710000160018124501100019726000500030727000430035730000290040050000510042965000290048065000210050965000230053065000280055365000150058170000180059620090820111346.0081002s2009 nyu b 001 0 eng  aENG-94752 a9780070147577c350.00 a0070147574c350.00 aEN-78285 bDBAD / PUB adplbEnglish  a646.77082 aTitus, Matt aWhy hasn't he proposed? :bgo from the first date to setting the date /cby Matt Titus [and] Tamsen Fadal aNew Delhi bTata McGraw-Hill Education c2009 a7 West Patel NagarbNew Delhi e110008 axvii, 204p. c21cm(pbk)  aIncludes bibliographical references and index. aMan-woman relationships. aMenxPsychology. aWomenxPsychology. aDating (Social customs) aBetrothal. aFadal, Tamsen